|
|
|
|
| LEADER |
00000cam a2200000 7i4500 |
| 001 |
0000083804 |
| 005 |
20190630.0 |
| 008 |
190630 |
| 020 |
|
|
|a 9789674606954
|
| 041 |
0 |
|
|a Malay
|
| 090 |
0 |
0 |
|a 153.8
|b MEN
|
| 110 |
0 |
|
|a Panel Penterjemah Kolej Universiti Sains Perubatan Cyberjaya
|
| 245 |
1 |
0 |
|a Mengemudi emosi :
|b ubah perasaan anda dengan mengubah cara anda berfikir
|
| 250 |
|
|
|a Edisi kedua
|
| 260 |
|
|
|a Kuala Lumpur :
|b Institut Terjemahan & Buku Malaysia Berhad ,
|c 2017
|
| 300 |
|
|
|a 356p. :
|b ill. ;
|c 25.3cm.
|
| 541 |
0 |
0 |
|c Purchased on 2019
|f 2019-05 DBS
|h RM60.00
|
| 650 |
|
0 |
|a Motivation
|
| 650 |
|
0 |
|a Psychology
|
| 999 |
|
|
|a 0001583386
|b Book
|c Adult Collection
|e Cawangan Batu Pahat
|
| 999 |
|
|
|a 0001583387
|b Book
|c Adult Collection
|e Cawangan Tmn. Ungku Tun Aminah
|
| 999 |
|
|
|a 0001583388
|b Book
|c Adult Collection
|e Cawangan Bukit Gambir
|
| 999 |
|
|
|a 0001583389
|b Book
|c Adult Collection
|e Cawangan Bandar Penawar
|
| 999 |
|
|
|a 0001583390
|b Book
|c Adult Collection
|e Cawangan Kota Tinggi
|
| 999 |
|
|
|a 0001583391
|b Book
|c Adult Collection
|e Cawangan Bandar Tenggara
|
| 999 |
|
|
|a 0001583392
|b Book
|c Adult Collection
|e Cawangan Sri Merlong
|
| 999 |
|
|
|a 0001583393
|b Book
|c Adult Collection
|e Cawangan Taman Sri Lambak
|
| 999 |
|
|
|a 0001583394
|b Book
|c Adult Collection
|e Cawangan Segamat
|
| 999 |
|
|
|a 0001583395
|b Book
|c Adult Collection
|e Cawangan Mersing
|
| 999 |
|
|
|a 0001583396
|b Book
|c Adult Collection
|e Cawangan Pontian
|
| 999 |
|
|
|a 0001583397
|b Book
|c Adult Collection
|e Cawangan Tangkak
|
| 999 |
|
|
|a 0001583398
|b Book
|c Adult Collection
|e Cawangan Muar
|
| 999 |
|
|
|a 0001583516
|b Book
|c Adult Collection
|e Perbadanan Perpustakaan Awam Johor
|
| 999 |
|
|
|a 0001583517
|b Book
|c Adult Collection
|e Perbadanan Perpustakaan Awam Johor
|
| 999 |
|
|
|a 0001583518
|b Book
|c Adult Collection
|e Cawangan Urban Transformation Centre
|
| 999 |
|
|
|a 0001583519
|b Book
|c Adult Collection
|e Cawangan AEON Kulaijaya
|